| 000 | 01574cam a2200265 04500 | ||
|---|---|---|---|
| 001 | 45240 | ||
| 090 | _a45240 | ||
| 100 | _a19990629d1998 m y0pory5003 ba | ||
| 101 | 0 | _apor | |
| 102 | _aPT | ||
| 200 | 1 |
_aMomentos _e25 anos inesquecíveis _fExpresso |
|
| 210 | 9 |
_a[Lisboa] _cExpresso, _d[D.L. 1998] |
|
| 215 |
_a14 fasc. em caixa _cil. _d23 cm |
||
| 327 | 1 |
_a1<U+00BA> fasc. : Os grandes jogos de futebol. - 58 p. _a2<U+00BA> fasc. : Os filmes mais importantes. - 58 p. _a3<U+00BA> fasc. : Os caminhos da moda. - 58 p. _a4<U+00BA> fasc. : Os acontecimentos do mundo social. - 58 p. _a5<U+00BA> fasc. : Os pontos altos da televisão. - 58 p. _a6<U+00BA> fasc. : Os grandes duelos do desporto. - 58 p. _a7<U+00BA> fasc. : As principais descobertas da ciência. - 58 p. _a8<U+00BA> fasc. : As máquinas mais perfeitas. - 58 p. _a9<U+00BA> fasc. : Os grandes concertos. - 58 p. _a10<U+00BA> fasc. : Os edifícios que marcaram. - 58 p. _a11<U+00BA> fasc. : As calamidades. - 58 p. _a12<U+00BA> fasc. : Os crimes : atentados e massacres. - 58 p. _a13<U+00BA> fasc. : Os principais factos da política nacional. - 58 p. _a14<U+00BA> fasc. : Os principais factos da política internacional. - 58 p. |
|
| 606 |
_aAcontecimentos históricos _z1973-1998 |
||
| 606 |
_aAcontecimentos políticos _z1973-1998 |
||
| 606 |
_aAcontecimentos culturais _z1973-1998 |
||
| 675 | _a94(100) | ||
| 675 |
_a94"1973/1998" _vBN _zpor |
||
| 675 |
_a323/327"1973/1998" _vBN _zpor |
||
| 675 |
_a791"1973/1998" _vBN _zpor |
||
| 675 |
_a008"1973/1998" _vBN _zpor |
||
| 710 | 0 | 2 | _aExpresso |
| 801 | 0 |
_aPT _bBN _gRPC |
|
| 990 | _cPERIODICOS | ||